[Event "Ricciardi op 19th"]
[Site "Gallarate"]
[Date "2015.06.23"]
[Round "6"]
[White "Cova, Ennio"]
[Black "Musso, Roberto"]
[Result "1-0"]
[WhiteElo "1622"]
[BlackElo "1729"]
[PlyCount "65"]
[EventDate "2015.05.19"]
[EventType "swiss"]
[EventRounds "6"]
[EventCountry "ITA"]
[SourceTitle "EXT 2017"]
[Source "ChessBase"]
[SourceDate "2016.10.25"]
[SourceVersion "1"]
[SourceVersionDate "2016.10.25"]
[SourceQuality "1"]

1. e4 c5 2. Nf3 d6 3. Nc3 e6 4. d4 cxd4 5. Nxd4 a6 6. g3 Nf6 7. Bg2 Be7 8. 0-0 0-0 9. a4 Nc6 10. Nxc6 bxc6 11. e5 Nd5 12. exd6 Qxd6 13. Ne4 Qc7 14. c4 Nf6 15. Qc2 Nxe4 16. Qxe4 Bd7 17. Bf4 Qb6 18. Qc2 Rfd8 19. Rfd1 Be8 20. a5 Rxd1+ 21. Qxd1 Qc5 22. Qa4 Rd8 23. Be3 Qd6 24. c5 Qc7 25. b4 Qb7 26. h4 Bf6 27. Rb1 Bc3 28. Qb3 Bf6 29. Bf3 Qc7 30. Rd1 Rxd1+ 31. Qxd1 Qe5 32. Qd3 Qc3 33. Qxa6 1-0

[Event "Ricciardi op 19th"]
[Site "Gallarate"]
[Date "2015.06.09"]
[Round "4"]
[White "Garcia Rubi, Juan"]
[Black "Cova, Ennio"]
[Result "0-1"]
[WhiteElo "1422"]
[BlackElo "1622"]
[PlyCount "78"]
[EventDate "2015.05.19"]
[EventType "swiss"]
[EventRounds "6"]
[EventCountry "ITA"]
[SourceTitle "EXT 2017"]
[Source "ChessBase"]
[SourceDate "2016.10.25"]
[SourceVersion "1"]
[SourceVersionDate "2016.10.25"]
[SourceQuality "1"]

1. e4 e5 2. Nf3 Nc6 3. Bb5 a6 4. Ba4 Nf6 5. 0-0 b5 6. Bb3 Be7 7. Re1 0-0 8. c3 d5 9. exd5 e4 10. dxc6 exf3 11. gxf3 Bf5 12. d4 Re8 13. Bf4 Bd6 14. Rxe8+ Nxe8 15. Bxd6 Qxd6 16. d5 Qg6+ 17. Kh1 Nd6 18. Nd2 Re8 19. Nf1 Bh3 20. Ng3 h5 21. Bc2 Qg5 22. Qg1 Qxd5 23. Ne4 Nxe4 24. Bxe4 Rxe4 25. Qg3 Re6 26. Qxh3 h4 27. Qg4 Qxc6 28. Rg1 Rg6 29. Qc8+ Kh7 30. Rxg6 fxg6 31. Qg4 Qf6 32. h3 Kh6 33. f4 g5 34. Qxg5+ Qxg5 35. fxg5+ Kxg5 36. Kg2 Kf4 37. b4 g5 38. a3 c6 39. f3 Ke3 0-1

[Event "Gallarate Ricciardi op 18th"]
[Site "Gallarate"]
[Date "2014.06.03"]
[Round "4"]
[White "Cova, Ennio"]
[Black "Trabucco, Ennio"]
[Result "1-0"]
[WhiteElo "1666"]
[BlackElo "1525"]
[PlyCount "85"]
[EventDate "2014.05.13"]
[EventType "swiss"]
[EventRounds "6"]
[EventCountry "ITA"]
[SourceTitle "EXT 2024"]
[Source "ChessBase"]
[SourceDate "2023.10.10"]
[SourceVersion "1"]
[SourceVersionDate "2023.10.10"]
[SourceQuality "1"]

1. e4 e5 2. Nf3 Nc6 3. d4 exd4 4. Bc4 Be7 5. 0-0 d6 6. Nxd4 Nxd4 7. Qxd4 Bf6 8. Qe3 Ne7 9. Nc3 0-0 10. Nd5 Nxd5 11. exd5 Bf5 12. Qb3 Rb8 13. Bf4 b5 14. Be2 a5 15. c3 b4 16. Qc4 bxc3 17. bxc3 Rb2 18. Bd3 Bxd3 19. Qxd3 Qd7 20. Rfb1 Rfb8 21. Rxb2 Rxb2 22. Bc1 Rb7 23. Be3 Qb5 24. c4 Qd7 25. Rb1 Rxb1+ 26. Qxb1 h6 27. a3 c5 28. Bd2 a4 29. Qb5 Qxb5 30. cxb5 Bd8 31. Bf4 Bc7 32. b6 Bxb6 33. Bxd6 f6 34. Kf1 Kf7 35. Ke2 g6 36. Kd3 Ke8 37. Kc4 Kd7 38. Bxc5 Bxc5 39. Kxc5 h5 40. g4 f5 41. gxf5 gxf5 42. h3 h4 43. f4 1-0

[Event "ITA-ch Regionale Lombardia Seniores"]
[Site "Robecchetto"]
[Date "2012.12.28"]
[Round "2"]
[White "Maffeo, Mauro"]
[Black "Cova, Ennio"]
[Result "0-1"]
[WhiteElo "1720"]
[BlackElo "1654"]
[PlyCount "58"]
[EventDate "2012.12.27"]
[EventType "swiss"]
[EventRounds "6"]
[EventCountry "ITA"]
[SourceTitle "EXT 2024"]
[Source "ChessBase"]
[SourceDate "2023.10.10"]
[SourceVersion "1"]
[SourceVersionDate "2023.10.10"]
[SourceQuality "1"]

1. d4 Nf6 2. Nd2 d5 3. e3 g6 4. Bd3 Bg7 5. f4 c5 6. c3 cxd4 7. exd4 0-0 8. Ngf3 Nh5 9. Nb3 Nc6 10. 0-0 Qd6 11. Ne5 Nf6 12. Nd2 e6 13. Qe1 Nd7 14. Ndf3 Ndxe5 15. fxe5 Qc7 16. Ng5 h6 17. Nh3 g5 18. Bxg5 hxg5 19. Nxg5 f6 20. Bh7+ Kh8 21. Nxe6 Bxe6 22. Qh4 Bh6 23. Bf5 Bxf5 24. Rxf5 Qg7 25. Raf1 fxe5 26. dxe5 Rxf5 27. Rxf5 Rf8 28. Rf6 Rxf6 29. exf6 Qg5 0-1